North Carolina General Knowledge - Statistics

General Stats
  • This quiz has been taken 191 times
  • The average score is 12 of 15
Answer Stats
Question Answer % Correct
Capital city. Raleigh
96%
Major city known as "Queen City" Charlotte
95%
Duo that made the first successful flight The Wright Brothers
95%
Prestigious medical university in Durham Duke University
87%
Delicious doughnut shop founded in Winston-Salem Krispy Kreme
85%
Famous basketball player that played for UNC Michael Jordan
82%
Major bank that started in the above city Bank Of America
80%
Soda company that started in New Bern Pepsi Co.
80%
The largest house in america Biltmore
76%
Beautiful mountain town known as "Beer City" Asheville
75%
Mountain range that ends in Virginia Blue Ridge
72%
Beach area known for their sand dunes. Outer Banks
72%
Largest export. High Point makes most of it. Furniture
59%
Carolina's football mascot Panthers
57%
University of North Carolina's mascot Tarheels
56%
No matching quizzes found
Score Distribution
Percent of People with Each Score
Percentile by Number Answered
Your Score History
You have not taken this quiz